[Event "La Roda op 49th"]
[Site "La Roda"]
[Date "2023.04.09"]
[Round "9"]
[White "Gomez Falagan, Daniel"]
[Black "Bernadskiy, Vitaliy"]
[Result "1/2-1/2"]
[WhiteElo "2197"]
[BlackElo "2619"]
[PlyCount "37"]
[EventDate "2023.04.05"]
[EventType "swiss"]
[EventRounds "9"]
[EventCountry "ESP"]
[SourceTitle "CBM 213 Extra"]
[Source "ChessBase"]
[SourceDate "2023.05.31"]
[SourceVersion "1"]
[SourceVersionDate "2023.05.31"]
[SourceQuality "1"]

1. d4 e6 2. c4 c5 3. d5 exd5 4. cxd5 d6 5. e4 g6 6. Nc3 Bg7 7. f4 Qh4+ 8. g3 Qe7 9. Nf3 Nf6 10. Bb5+ Nfd7 11. a4 0-0 12. 0-0 Na6 13. e5 dxe5 14. d6 Qe6 15. Ng5 Qe8 16. Nd5 Nb4 17. Nc7 Qd8 18. Nxa8 exf4 19. Bxf4 1/2-1/2

[Event "ESP-ch U16"]
[Site "Salobrena"]
[Date "2022.07.27"]
[Round "5"]
[White "Gomez Falagan, Daniel"]
[Black "Bernado Lopez, Roger"]
[Result "1/2-1/2"]
[WhiteElo "1998"]
[BlackElo "2315"]
[PlyCount "53"]
[EventDate "2022.07.25"]
[EventType "swiss"]
[EventRounds "9"]
[EventCountry "ESP"]
[SourceTitle "EXT 2023"]
[Source "ChessBase"]
[SourceDate "2022.10.05"]
[SourceVersion "1"]
[SourceVersionDate "2022.10.05"]
[SourceQuality "1"]

1. d4 Nf6 2. c4 e6 3. Nc3 Bb4 4. Qc2 c5 5. dxc5 0-0 6. Nf3 Na6 7. g3 Nxc5 8. Bg2 Nfe4 9. 0-0 Bxc3 10. bxc3 f5 11. Ba3 Rf6 12. Nd2 Nxd2 13. Qxd2 Qc7 14. Rfd1 Rb8 15. Qd4 b6 16. Rab1 Rf7 17. Rb5 d6 18. Qxd6 Qxd6 19. Rxd6 Ba6 20. Rb1 Rc8 21. Bxc5 Rxc5 22. Rxe6 Bxc4 23. Re8+ Rf8 24. Re7 Rf7 25. Re8+ Rf8 26. Re7 Rf7 27. Re8+ 1/2-1/2